000 00589nam a22002297a 4500
003 UA-OsUOA
001 105926
007 ta
008 20140418b un ||||| |||| 00| 0 ukr d
100 _aЯручик Ю.
700 _aКостюченко О.
090 _a908
_bЯ78
942 _cSA
040 _aUA-OsUOA
_bukr
_cUA-OsUOA
_dUA-OsUOA
245 _aОстрозькій академії - 20
300 _aС.1
955 _a0
041 _aukr
080 _a908
773 0 _w105925
_tВільне слово
_dРівне
_d2014
_g28
650 7 _a908 Краєзнавство
_2UDC
999 _c392118
_d392118